000 00491nam a2200181Ia 4500
001 19839
005 20260306172722.0
008 260306t2019||||xx |||||||||||||| ||spa||
041 _aESP
082 _a341.11
_bP29
100 _aPaulson, Stanley L.
_eAUT
245 0 _aLa filosofía del derecho de Gustav Radbruch:
_by tres ensayos de posguerra de Gustav Radbruch
260 _c2019
300 _a233 páginas :
_c21 cm.
650 _aGEN
654 _aCDE
942 _cLIB
_dJUS
_fJUS
_2ddc
_n
999 _c19839
_d19839